000
00297nam a22001217a 4500
008
160507b xxu||||| |||| 00| 0 eng d
020
_a
9780071451536
020
_a
0071451536
041
_a
eng
080
_a
615
245
_a
Basic and clinical pharmacology:
_c
Bertram G. Katzung;
942
_2
udc
_c
BK
999
_c
1890
_d
1890